Human + Machine Updated and Expanded: Reimagining Work in the Age of AI (Record no. 46482)

MARC details
000 -LEADER
fixed length control field 00542nam a22001817a 4500
005 - DATE AND TIME OF LATEST TRANSACTION
control field 20250825155058.0
008 - FIXED-LENGTH DATA ELEMENTS--GENERAL INFORMATION
fixed length control field 250825b |||||||| |||| 00| 0 eng d
020 ## - INTERNATIONAL STANDARD BOOK NUMBER
International Standard Book Number 9781647827205
041 ## - LANGUAGE CODE
Language code of text/sound track or separate title Eng
082 ## - DEWEY DECIMAL CLASSIFICATION NUMBER
Classification number 006.3 DAU
100 ## - MAIN ENTRY--PERSONAL NAME
Author Daugherty, R. Paul
245 ## - TITLE STATEMENT
Title Human + Machine Updated and Expanded: Reimagining Work in the Age of AI
260 ## - PUBLICATION, DISTRIBUTION, ETC.
Place Boston
Publisher Harvard Business Review Press
Publication Year 2024
300 ## - PHYSICAL DESCRIPTION
Extent 324;. P. 24 cm
650 ## - SUBJECT ADDED ENTRY--TOPICAL TERM
Subject Information Technology; Artificial intelligence
700 ## - ADDED ENTRY--PERSONAL NAME
Co-Author Wilson H. James
942 ## - ADDED ENTRY ELEMENTS (KOHA)
Koha item type Books
Holdings
Withdrawn status Lost status Source of classification or shelving scheme Damaged status Not for loan Home library Current library Shelving location Accession Date Vendor Price Bill number Total Checkouts Full call number Barcode No Date last seen Bill Date Koha item type Suggested By
    Dewey Decimal Classification     IMTN IMTN Rack 3-B 08/25/2025 Amazon.in 994.00 BOM5-3105284   006.3 DAU 33950 08/25/2025 08/01/2025 Books Faculty Purchase by Dr. Abhishekh N. Singh
Designed & Maintained by: LRC IMT Nagpur Contact: lrc@imtnag.ac.in© 2024. All Rights Reserved.